Statistiche per Piloti che hanno vinto un Campionato mondiale di Formula 1

Clicka qui per fare il quiz!

Statistiche generali

  • Questo quiz è stato fatto 11 volte
  • Il punteggio medio è 8 su 17

Statistiche sulle risposte

NazioneStagione del titoloPilota% Corretto
Finlandia2007Kimi Räikkönen
100%
Finlandia1982Keke Rosberg
91%
Germania2016Nico Rosberg
91%
Canada1997Jacques Villeneuve
73%
Regno Unito2009Jenson Button
73%
Italia1950Nino Farina
73%
Regno Unito1996Damon Hill
64%
Stati Uniti1961Phil Hill
64%
Sudafrica1979Jody Scheckter
45%
Regno Unito1976James Hunt
36%
Stati Uniti1978Mario Andretti
36%
Regno Unito1992Nigel Mansell
27%
Australia1967Denny Hulme
18%
Austria1970Jochen Rind
18%
Regno Unito1964John Surtees
18%
Australia1980Alan Jones
9%
Regno Unito1958Mike Hawthorn
9%

Distribuzione punteggi

Percentile per numero di risposta

Percentuale di utenti per punteggio

I tuoi punteggi nel tempo

Non hai fatto questo quiz